Andrés Bello y el derecho latinoamericano. Congreso internacional. Roma, 10/12 diciembre 1981.
Uloženo v:
| Korporativní autor: | |
|---|---|
| Médium: | Konferenční příspěvek Kniha |
| Jazyk: | angličtina |
| Vydáno: |
Caracas, Venezuela
La Casa de Bello,
1987.
|
| Témata: | |
| Tagy: |
Přidat tag
Žádné tagy, Buďte první, kdo vytvoří štítek k tomuto záznamu!
|
MARC
| LEADER | 00000nam a22000007a 4500 | ||
|---|---|---|---|
| 003 | CL-VaPUC | ||
| 005 | 20220822114710.0 | ||
| 008 | 220722t1987 ||||| |||| 00| 0 eng d | ||
| 999 | |c 437450 |d 437448 | ||
| 040 | |c Pontificia Universidad Católica de Valparaíso | ||
| 082 | |2 22 |a 349.8 CON 1987 | ||
| 111 | |9 873730 |a Congreso Internacional Andrés Bello y el Derecho Latinoamericano | ||
| 245 | |a Andrés Bello y el derecho latinoamericano. |b Congreso internacional. Roma, 10/12 diciembre 1981. | ||
| 260 | |a Caracas, Venezuela |b La Casa de Bello, |c 1987. | ||
| 300 | |a 529 páginas. | ||
| 500 | |a c.1 Donación Familia Prof. Alejandro Guzmán Brito. | ||
| 583 | |c 20220722 |k Yessy Sthefany Diaz Vidal | ||
| 600 | 0 | |9 545824 |a Bello, Andrés, |d 1781-1865 | |
| 650 | |a Derecho |v Congresos |z América Latina |9 873738 | ||
| 942 | |2 ddc |c BK |n 0 | ||
| 952 | |0 0 |1 0 |2 ddc |4 0 |6 349_800000000000000_CON_1987 |7 0 |8 C_AGB |9 585218 |a BIBDER |b BIBDER |d 2022-07-22 |e Donación |i 5653263 |o 349.8 CON 1987 |p 5653263 |r 2023-01-25 |t 1 |w 2022-07-22 |y BK_US |k AGB | ||